| 000 | 00461cam a2200205 4500 | ||
|---|---|---|---|
| 001 | D6558 | ||
| 008 | 090401t1962 xxu||||| |||| 00| 0 eng d | ||
| 035 | _a(Sirsi) u1468 | ||
| 041 | _aeng | ||
| 100 | _aLawrance, D.M. | ||
| 245 | _aModern methods of valuation | ||
| 250 | _a5th | ||
| 260 |
_bEstates Gazette _c1962 |
||
| 350 | _a0 | ||
| 520 | _aReserve shelf 118 | ||
| 700 | _aRees, W.H. | ||
| 700 | _aBritton, W. | ||
| 942 | _n0 | ||
| 948 | _c04/03/1997 | ||
| 999 |
_c85674 _d85674 |
||